Les 10 pays les plus développés (IDH) - Statistiques

Statistiques générales
  • Ce quiz a été pris 50 fois
  • Le résultat moyen est 7 sur 10
Statistiques - réponses
Classement IDH Pays % Correct
5 0,959 Suède
94%
2 0,970 Norvège
90%
5 0,959 Allemagne
85%
4 0,962 Danemark
85%
2 0,970 Suisse
83%
8 0,955 Pays Bas
73%
1 0,972 Islande
71%
10 0,955 Belgique
65%
7 0,958 Australie
52%
8 0,955 Hong Kong
4%
Aucun quiz correspondant
Distribution des résultats
% des personnes avec chaque résultat
Percentile par nombre de réponses
Votre historique - résultats
Vous n’avez pas pris ce quiz